|
|
|
|
| LEADER |
01042cam a2200265 7i4500 |
| 001 |
0000029604 |
| 005 |
20170407090000.0 |
| 008 |
100930 eng |
| 020 |
|
|
|a 1562865382 (pbk.)
|
| 020 |
|
|
|a 9781562865382 (pbk.)
|
| 090 |
0 |
0 |
|a HD30.3
|b .T48 2008
|
| 245 |
0 |
0 |
|a 10 steps to successful facilitation
|c American Society for Training & Development.
|
| 246 |
3 |
|
|a Ten steps to successful facilitation.
|
| 260 |
|
|
|a Alexandria, Va.:
|b ASTD Press,
|c 2008.
|
| 300 |
|
|
|a vi, 185 p.:
|b ill.;
|c 23 cm.
|
| 490 |
0 |
|
|a 10 steps
|
| 650 |
0 |
0 |
|a Communication in management
|
| 650 |
0 |
0 |
|a Communication in personnel management
|
| 710 |
2 |
|
|a American Society for Training and Development
|
| 997 |
|
|
|a Business & Accountancy, Faculty
|
| 997 |
|
|
|a Education & Social Sciences, Faculty
|b Social Sciences, Department
|
| 998 |
|
|
|a English in Industries, Degree
|
| 998 |
|
|
|a Human Resource Management, Degree
|
| 999 |
|
|
|a 0000038455
|b BOK
|c OPEN SHELF
|e 1st Floor, Shah Alam
|
| 999 |
|
|
|a 0000046755
|b BOK
|c OPEN SHELF
|e 1st Floor, Bestari Jaya
|